top 100 piosenek zefru - Statystyki

Ogólne statystyki
  • Ten quiz został rozwiązany 5 razy
  • Średni wynik to 24 z 100
Statystyki odpowiedzi
Hint Odpowiedź % Poprawnych
2 riri
100%
89 100 dni do matury
67%
1 18
67%
51 blok
67%
3 california
67%
72 gang
67%
17 kiss cam
67%
13 la la la (oh oh)
67%
18 mogę dziś umierać
67%
70 oh oh (lalala)
67%
33 papuga
67%
75 schodki
67%
39 szafir
67%
43 szmata
67%
44 tamagotchi
67%
47 2001
33%
58 agrest i bez
33%
60 bania
33%
30 bedoesiara
33%
27 belweder
33%
14 bones
33%
62 broly
33%
41 COCO
33%
71 diana
33%
63 droga pani
33%
28 duże oczy
33%
7 fiołkowe pole
33%
91 floyd mayweather
33%
87 forma
33%
53 gang 2
33%
68 grill u gawrona
33%
45 harnaś ice tea
33%
81 jakie to uczucie
33%
38 jaki ojciec taki syn
33%
84 jesteś ładniejsza niż na zdjęciach
33%
23 | 35 jetlag
33%
46 la vida loca
33%
5 lawenda
33%
20 louda
33%
25 midas
33%
9 Morgan
33%
55 narcyz
33%
32 ona by tak chciala
33%
50 papieros
33%
54 parapetówa
33%
26 proste fakty
33%
86 rockstar
33%
22 saint tropez
33%
69 skute bobo
33%
94 święto ogródka
33%
19 testosteronowy don
33%
83 trójkąt
33%
16 trójkąt bermudzki
33%
78 więcej dymu
33%
4 afterparty
0%
40 anyżowe żelki
0%
97 beef
0%
88 blinding lights
0%
61 boję się kochać
0%
92 bombsite b
0%
66 booker
0%
10 burn butcher burn
0%
93 co to za bluza lanek
0%
90 do zachodu słońca
0%
24 fast car
0%
12 gigachad
0%
11 grosza daj wiedźminowi
0%
98 hellcat redeye
0%
34 jesteśmy tu
0%
64 jetpack (lecymy)
0%
59 karaluchy
0%
49 koleżanko mojej byłej
0%
57 król balu
0%
95 kryzysowa narzeczona
0%
21 lato
0%
80 lot
0%
67 łyk i buch
0%
79 MC
0%
37 nie ma fal
0%
52 origami
0%
56 pastempomat
0%
8 Perfect Strangers
0%
42 pierwszy raz
0%
65 pijemy za lepszy czas
0%
99 pistolet
0%
29 polityka
0%
76 putin
0%
15 rozjebany (tromba diss)
0%
73 sexoholik
0%
48 Śmieci wywóz
0%
77 speechless
0%
100 these days
0%
6 toss a coin to your witcher
0%
85 trapczan
0%
82 traplife
0%
96 vanilla
0%
36 without you
0%
31 yo mamale
0%
74 zimna noc i szybkie auta
0%
Nie znaleziono quizów pasujących do podanych kryteriów
Rozkład punktacji
Procent ludzi z każdym wynikiem
Percentyl według liczby udzielonych odpowiedzi
Twoja historia wyników
Nie rozwiązałeś tego quizu